Ecological impact of rubber (Hevea brasiliensis) plantations in North East India. 2. Soil properties and biomass recycling (Record no. 46956)

MARC details
000 -LEADER
fixed length control field 02305nam a2200337Ia 4500
100 ## - MAIN ENTRY--AUTHOR NAME
Personal name Krishnakumar A K
245 #0 - TITLE STATEMENT
Title Ecological impact of rubber (Hevea brasiliensis) plantations in North East India. 2. Soil properties and biomass recycling
260 ## - PUBLICATION, DISTRIBUTION, ETC. (IMPRINT)
Name of publisher Indian Journal of Natural Rubber Research
Year of publication 1991
300 ## - PHYSICAL DESCRIPTION
Number of Pages 134-141
520 ## - SUMMARY, ETC.
Summary, etc Influence of rubber and teak plantations and natural forest on soil properties, nutrient enrichment, under-storey vegetation and biomass recycling has been studied in the Siliguri sub-division (Darjeeling district) of west Bengal. The study indicates that rubber, teak and natural forest had comparatively high input of organic carbon enriching the soil. Teak had the highest organic matter content in the surface layers. However, the depletion of organic carbon with depth was the highest volumetric water content at field capacity (-0.033 MPa) and also at -1.5 MPa. The results suggest that the depletion of sub surface soil moisture would be less under rubber than teak. The soils under teak showed a higher calcium content in the surface layers. The distribution of available nutrients otherwise did not show much variation in the soils under rubber,teak and natural forest. Biomass and floor accumulation revealed luxurient under storey vegetation under all athe three conditions. the data on floor accumulation showed that litter accumulationa under rubber was lower than that of teak and natural forest which could be attributed to a faster rate of decomposition under a higher moisture regime and higher available nutrient. The study establishes ecological desirability of rubber in terms of habitat diversity, soil physical properties and nutrient recycling.
650 ## - SUBJECT ADDED ENTRY--TOPICAL TERM
Topical Term Biomass
650 ## - SUBJECT ADDED ENTRY--TOPICAL TERM
Topical Term Biomass
650 ## - SUBJECT ADDED ENTRY--TOPICAL TERM
Topical Term Ecofriendly
650 ## - SUBJECT ADDED ENTRY--TOPICAL TERM
Topical Term Ecofriendly
650 ## - SUBJECT ADDED ENTRY--TOPICAL TERM
Topical Term Ecological impact
650 ## - SUBJECT ADDED ENTRY--TOPICAL TERM
Topical Term Ecological impact
650 ## - SUBJECT ADDED ENTRY--TOPICAL TERM
Topical Term North East India
650 ## - SUBJECT ADDED ENTRY--TOPICAL TERM
Topical Term North East India
650 ## - SUBJECT ADDED ENTRY--TOPICAL TERM
Topical Term Rubber plantations
650 ## - SUBJECT ADDED ENTRY--TOPICAL TERM
Topical Term Rubber plantations
650 ## - SUBJECT ADDED ENTRY--TOPICAL TERM
Topical Term Soil properties
650 ## - SUBJECT ADDED ENTRY--TOPICAL TERM
Topical Term Soil properties
700 ## - ADDED ENTRY--PERSONAL NAME
Personal name Eappen T
700 ## - ADDED ENTRY--PERSONAL NAME
Personal name Gupta C
700 ## - ADDED ENTRY--PERSONAL NAME
Personal name Krishna Das
700 ## - ADDED ENTRY--PERSONAL NAME
Personal name Potty S N
700 ## - ADDED ENTRY--PERSONAL NAME
Personal name Sethuraj M R
700 ## - ADDED ENTRY--PERSONAL NAME
Personal name Sinha R R
942 ## - ADDED ENTRY ELEMENTS (KOHA)
Koha item type Articles
Holdings
Withdrawn status Lost status Damaged status Not for loan Home library Current library Shelving location Date acquired Serial Enumeration / chronology Koha item type
      Articles RRII Library RRII Library Agronomy 20/12/2021 Volume 4, Issue 2 Articles